|
|
|
|
| LEADER |
00000nam2a2200000 4500 |
| 001 |
232424 |
| 005 |
20231101231153.0 |
| 010 |
|
|
|a 9785922106733
|
| 035 |
|
|
|a (RuTPU)RU\TPU\book\253470
|
| 035 |
|
|
|a RU\TPU\book\81022
|
| 090 |
|
|
|a 232424
|
| 100 |
|
|
|a 20050405d2009 m y0rusy50 ca
|
| 101 |
0 |
|
|a rus
|
| 102 |
|
|
|a RU
|
| 105 |
|
|
|a a j 001zy
|
| 200 |
0 |
|
|a Т. 3: Электричество
|
| 205 |
|
|
|a 5-е изд., стер.
|
| 210 |
|
|
|d 2009
|
| 215 |
|
|
|a 655 с.
|c ил.
|
| 320 |
|
|
|a Именной указатель: с. 646-647.
|
| 320 |
|
|
|a Предметный указатель: с. 648-654.
|
| 330 |
|
|
|a Третий том курса физики, широко известного у нас в стране и за рубежом. Книга написана на основе лекций, которые в течение ряда лет читались автором студентам Московского физико-технического института. Основное внимание уделено выяснению физического смысла и содержания основных законов и понятий науки об электричестве, установлению границ применимости этих законов, развитию у студентов навыков физического мышления и умения ставить и решать конкретные задачи. Третье издание третьего тома вышло в 1996 г. в двух частях.
|
| 461 |
|
1 |
|0 (RuTPU)RU\TPU\book\258524
|t Общий курс физики
|o учебное пособие
|o в 5 т.
|f Д. В. Сивухин
|v Т. 3: Электричество
|d 2008-20013
|
| 606 |
1 |
|
|a Физика
|2 stltpush
|3 (RuTPU)RU\TPU\subj\63709
|9 80688
|
| 606 |
1 |
|
|a Электрофизика
|2 stltpush
|3 (RuTPU)RU\TPU\subj\20983
|9 46040
|
| 610 |
1 |
|
|a электричество
|
| 610 |
1 |
|
|a электрическое поле
|
| 610 |
1 |
|
|a ток
|
| 610 |
1 |
|
|a электрические явления
|
| 610 |
1 |
|
|a электрические токи
|
| 610 |
1 |
|
|a магнитное поле
|
| 610 |
1 |
|
|a уравнения Максвелла
|
| 610 |
1 |
|
|a электролиты
|
| 610 |
1 |
|
|a колебания
|
| 610 |
1 |
|
|a волны
|
| 610 |
1 |
|
|a учебные пособия
|
| 675 |
|
|
|a 53(075.8)
|v 3
|
| 675 |
|
|
|a 537(075.8)
|v 3
|
| 801 |
|
1 |
|a RU
|b 63413507
|c 20130213
|
| 801 |
|
2 |
|a RU
|b 63413507
|c 20191126
|g RCR
|
| 900 |
|
|
|a Физика
|
| 942 |
|
|
|c BK
|
| 952 |
|
|
|l 8
|b 011200
|
| 959 |
|
|
|a 34/20130213
|d 50
|e 297,00
|f ЧЗТЛ:1
|f АНЛ:1
|f УФ:48
|